What They Don't Teach you at Harvard Business School (Record no. 12978)
[ view plain ]
| 000 -LEADER | |
|---|---|
| fixed length control field | 00381nam a22001457a 4500 |
| 003 - CONTROL NUMBER IDENTIFIER | |
| control field | OSt |
| 008 - FIXED-LENGTH DATA ELEMENTS--GENERAL INFORMATION | |
| fixed length control field | 241226b |||||||| |||| 00| 0 eng d |
| 020 ## - INTERNATIONAL STANDARD BOOK NUMBER | |
| International Standard Book Number | 9781781253472 |
| 082 ## - DEWEY DECIMAL CLASSIFICATION NUMBER | |
| Classification number | 658.4098 |
| Item number | MCW |
| 100 ## - MAIN ENTRY--PERSONAL NAME | |
| Personal name | MCCORMACK, Mark H |
| 245 ## - TITLE STATEMENT | |
| Title | What They Don't Teach you at Harvard Business School |
| 260 ## - PUBLICATION, DISTRIBUTION, ETC. (IMPRINT) | |
| Place of publication, distribution, etc | London: |
| Name of publisher, distributor, etc | Profile Books, |
| Date of publication, distribution, etc | 2003. |
| 300 ## - PHYSICAL DESCRIPTION | |
| Extent | 251p. |
| 942 ## - ADDED ENTRY ELEMENTS (KOHA) | |
| Source of classification or shelving scheme | Dewey Decimal Classification |
| Koha item type | Text Books |
| Withdrawn status | Lost status | Source of classification or shelving scheme | Damaged status | Not for loan | Collection code | Home library | Current library | Date acquired | Source of acquisition | Currency | Cost, normal purchase price | Bill Number | Total Checkouts | Full call number | Acc. no. / Barcode | Date last seen | Date last borrowed | Actual Cost, discounted price | Bill Date | Koha item type |
|---|---|---|---|---|---|---|---|---|---|---|---|---|---|---|---|---|---|---|---|---|
| Dewey Decimal Classification | GENERAL | PIET C-LIBRARY | PIET C-LIBRARY | 26/12/2024 | Flipkart | INR | 441.00 | FADBKY2500056023 | 1 | 658.4098 MCW | 38530 | 11/08/2025 | 03/07/2025 | 416.00 | 18/12/2024 | Text Books | ||||
| Dewey Decimal Classification | GENERAL | PIET C-LIBRARY | PIET C-LIBRARY | 26/12/2024 | Flipkart | INR | 441.00 | FADBKY2500056023 | 658.4098 MCW | 38531 | 26/12/2024 | 416.00 | 18/12/2024 | Text Books | ||||||
| Dewey Decimal Classification | GENERAL | PIET C-LIBRARY | PIET C-LIBRARY | 26/12/2024 | Flipkart | INR | 441.00 | FADBKY2500056023 | 1 | 658.4098 MCW | 38532 | 05/12/2025 | 21/11/2025 | 416.00 | 18/12/2024 | Text Books | ||||
| Dewey Decimal Classification | GENERAL | PIET C-LIBRARY | PIET C-LIBRARY | 26/12/2024 | Flipkart | INR | 441.00 | FADBKY2500056023 | 658.4098 MCW | 38533 | 26/12/2024 | 416.00 | 18/12/2024 | Text Books |